000 00349nam a22001457a 4500
003 OSt
005 20211227160219.0
008 211227b |||||||| |||| 00| 0 eng d
020 _a0201548097
040 _cHU
082 _a005.10684
100 _aHumphrey
_925574
245 _aIntroduction To The Personal Software Process
942 _2ddc
_cBOOKS
_n0
999 _c24463
_d24463